00163 a2200073 450000100060000010000100000624500310001626000420004744491 aAvery aPractical Armature Winding aLondonbPerciual Marshall & Co. Ltdc